Top 20 biggest cities in the Netherlands - Statistics

General Stats
  • This quiz has been taken 72 times
  • The average score is 12 of 20
Answer Stats
Answer % Correct
1 Amsterdam
100%
2 Rotterdam
100%
3 Den Haag
98%
4 Utrecht
93%
7 Groningen
84%
5 Eindhoven
82%
9 Breda
69%
10 Nijmegen
64%
6 Tilburg
64%
12 Haarlem
61%
17 Den Bosch
56%
8 Almere
54%
14 Arnhem
54%
13 Enschede
54%
19 Zwolle
54%
15 Amersfoort
49%
11 Apeldoorn
48%
16 Zaanstad
28%
20 Zoetermeer
18%
18 Haarlemmermeer
10%
No matching quizzes found
Score Distribution
Percent of People with Each Score
Percentile by Number Answered
Your Score History
You have not taken this quiz